书目信息 |
| 题名: |
工程制图习题集
|
|
| 作者: | 赵建国, , 何文平 , 段红杰 , 段鹏 主编 | |
| 分册: | ||
| 出版信息: | 北京 高等教育出版社 2018.07 |
|
| 页数: | 60叶 | |
| 开本: | 26x37cm | |
| 丛书名: | ||
| 单 册: | ||
| 中图分类: | TB23-44 | |
| 科图分类: | ||
| 主题词: | 工程制图--gong cheng zhi tu--高等教育--习题集 | |
| 电子资源: | ||
| ISBN: | 978-7-04-049931-5 | |
| 000 | 01176nam0 2200313 450 | |
| 001 | CAL 009781889 | |
| 005 | 20190813145250.6 | |
| 010 | @a978-7-04-049931-5@dCNY32.10 | |
| 100 | @a20190618d2018 em y0chiy50 ea | |
| 101 | 0 | @achi |
| 102 | @aCN@b110000 | |
| 105 | @aa q 000yy | |
| 106 | @ad | |
| 200 | 1 | @a工程制图习题集@Agong cheng zhi tu xi ti ji@f赵建国 ... [等] 主编@Fzhao jian guo ... [ deng ] zhu bian |
| 205 | @a第3版 | |
| 210 | @a北京@c高等教育出版社@d2018.07 | |
| 215 | @a60叶@c图@d26x37cm | |
| 304 | @a题名页题其余责任者: 何文平, 段红杰, 段鹏 | |
| 330 | @a本书主要内容有制图基本知识和技能, 投影基础, 基本立体及其表面交线, 组合体, 轴测图, 工程形体的表达方法, 常用标准件和齿轮、弹簧的表示法, 机械图样, 房屋建筑图简介, 其他工程图样及计算机绘图等。 | |
| 333 | @a河南省“十二五”普通高等教育规划教材 | |
| 586 | @a | |
| 606 | 0 | @a工程制图@Agong cheng zhi tu@x高等教育@j习题集 |
| 690 | @aTB23-44@v5 | |
| 701 | 0 | @a赵建国,@Azhao jian guo@f1964-@4主编 |
| 701 | 0 | @a何文平@Ahe wen ping@4主编 |
| 701 | 0 | @a段红杰@Aduan hong jie@4主编 |
| 701 | 0 | @a段鹏@Aduan peng@4主编 |
| 801 | 0 | @aCN@c20190618 |
| 905 | @a河南城建学院图书馆@dTB23-44@eZ301=3@f2 | |
| 工程制图习题集/赵建国 ... [等] 主编.-第3版.-北京:高等教育出版社,2018.07 |
| 60叶:图;26x37cm |
| 使用对象:河南省“十二五”普通高等教育规划教材 |
| ISBN 978-7-04-049931-5:CNY32.10 |
| 本书主要内容有制图基本知识和技能, 投影基础, 基本立体及其表面交线, 组合体, 轴测图, 工程形体的表达方法, 常用标准件和齿轮、弹簧的表示法, 机械图样, 房屋建筑图简介, 其他工程图样及计算机绘图等。 |
| ● |
| 相关链接 |
|
|
|
正题名:工程制图习题集
索取号:TB23-44/Z301=3
 
预约/预借
| 序号 | 登录号 | 条形码 | 馆藏地/架位号 | 状态 | 备注 |
| 1 | 1416601 | 214166016 | 自科库501/501自科库 7排2列5层/ [索取号:TB23-44/Z301=3] | 在馆 | |
| 2 | 1416602 | 214166025 | 自科二线404/404自科库 1排3列4层/ [索取号:TB23-44/Z301=3] | 在馆 |